Исследование резонансного поглощения электромагнитных волн СВЧ диапазона в среде со спиральной симметрией; Перспективы развития фундаментальных наук; Т. 1 : Физика
| Parent link: | Перспективы развития фундаментальных наук=Prospects of Fundamental Sciences Development: сборник научных трудов XXI Международной конференции студентов, аспирантов и молодых ученых, г. Томск, 23-26 апреля 2024 г./ Национальный исследовательский Томский политехнический университет ; под ред. И. А. Курзиной [и др.].— .— Томск: Изд-во ТПУ Т. 1 : Физика.— 2024.— С. 281-283 |
|---|---|
| Glavni autor: | |
| Autor kompanije: | |
| Daljnji autori: | , |
| Sažetak: | Заглавие с экрана The phenomenon of resonant absorption of electromagnetic waves in a environment with spiral symmetry has been experimentally investigated. The detected resonant absorption is in good agreement with the theoretical model Текстовый файл |
| Jezik: | ruski |
| Izdano: |
2024
|
| Teme: | |
| Online pristup: | http://earchive.tpu.ru/handle/11683/80595 |
| Format: | Elektronički Poglavlje knjige |
| KOHA link: | https://koha.lib.tpu.ru/cgi-bin/koha/opac-detail.pl?biblionumber=674566 |
MARC
| LEADER | 00000naa2a2200000 4500 | ||
|---|---|---|---|
| 001 | 674566 | ||
| 005 | 20250317112322.0 | ||
| 090 | |a 674566 | ||
| 100 | |a 20240913d2024 k||y0rusy50 ca | ||
| 101 | 0 | |a rus | |
| 102 | |a RU | ||
| 135 | |a drcn ---uucaa | ||
| 200 | 1 | |a Исследование резонансного поглощения электромагнитных волн СВЧ диапазона в среде со спиральной симметрией |d Investigation of resonant absorption of microwave electromagnetic waves in a helical wired media |f Д. E. Понамарев |g науч. рук. Н. Н. Кривин, науч. конс. М. А. Шипуля; Национальный исследовательский Томский политехнический университет |z eng | |
| 300 | |a Заглавие с экрана | ||
| 320 | |a Список литературы: 7 назв. | ||
| 330 | |a The phenomenon of resonant absorption of electromagnetic waves in a environment with spiral symmetry has been experimentally investigated. The detected resonant absorption is in good agreement with the theoretical model | ||
| 336 | |a Текстовый файл | ||
| 461 | 1 | |0 674010 |t Перспективы развития фундаментальных наук |l Prospects of Fundamental Sciences Development |o сборник научных трудов XXI Международной конференции студентов, аспирантов и молодых ученых, г. Томск, 23-26 апреля 2024 г. |9 674010 |c Томск |n Изд-во ТПУ |f Национальный исследовательский Томский политехнический университет ; под ред. И. А. Курзиной [и др.] | |
| 463 | 1 | |0 674235 |t Т. 1 : Физика |v С. 281-283 |d 2024 |9 674235 |u conference_tpu-2024-C21_V1.pdf |l Vol. 1 : Physics | |
| 610 | 1 | |a труды учёных ТПУ | |
| 610 | 1 | |a электронный ресурс | |
| 610 | 1 | |a коэффициент передачи | |
| 610 | 1 | |a электромагнитные волны | |
| 610 | 1 | |a рупорные антенны | |
| 610 | 1 | |a резонансное поглощение | |
| 610 | 1 | |a спиральная симметрия | |
| 610 | 1 | |a скалярный анализатор | |
| 700 | 1 | |a Понамарев |b Д. Е. | |
| 702 | 1 | |a Кривин |b Н. Н. |4 695 | |
| 702 | 1 | |a Шипуля |b М. А. |c физик |c доцент Томского политехнического университета, кандидат физико-математических наук |f 1986- |g Михаил Алексеевич |4 727 |9 22751 | |
| 712 | 0 | 2 | |a Национальный исследовательский Томский политехнический университет |c (2009- ) |9 26305 |4 570 |
| 801 | 0 | |a RU |b 63413507 |c 202409013 |g RCR | |
| 856 | 4 | |z http://earchive.tpu.ru/handle/11683/80595 |u http://earchive.tpu.ru/handle/11683/80595 | |
| 942 | |c CF | ||